[Event "London Central Major"]
[Site "London"]
[Date "2022.11.06"]
[Round "5"]
[White "Cooper, Malcolm H"]
[Black "Jefremov, Aivar"]
[Result "1/2-1/2"]
[WhiteElo "1783"]
[BlackElo "1636"]
[PlyCount "103"]
[EventDate "2022.11.04"]
[EventType "swiss"]
[EventRounds "5"]
[EventCountry "ENG"]
[SourceTitle "EXT 2024"]
[Source "ChessBase"]
[SourceDate "2023.10.10"]
[SourceVersion "1"]
[SourceVersionDate "2023.10.10"]
[SourceQuality "1"]

1. d4 e6 2. c4 Nf6 3. Nc3 Bb4 4. e3 0-0 5. Bd3 b6 6. Nge2 Bb7 7. 0-0 c5 8. a3 Ba5 9. Rb1 Bxc3 10. Nxc3 d5 11. Re1 Nc6 12. cxd5 exd5 13. dxc5 bxc5 14. b3 Ne5 15. Bf1 Nfg4 16. f3 Qh4 17. fxg4 Nxg4 18. h3 Qf2+ 19. Kh1 f5 20. hxg4 Qh4+ 21. Kg1 fxg4 22. Ne2 Qf2+ 23. Kh2 Rf3 24. Ng1 Qg3+ 25. Kh1 Rf5 26. e4 Rh5+ 27. Nh3 Rf8 28. Re3 Qf2 29. Qxg4 Qxf1+ 30. Kh2 d4 31. Rg3 Qf7 32. Rf3 Qe8 33. Rxf8+ Kxf8 34. Bd2 Qe5+ 35. Bf4 Qxe4 36. Bd6+ Kg8 37. Qxe4 Bxe4 38. Re1 Bc2 39. Re8+ Kf7 40. Rc8 d3 41. Rxc5 Rxh3+ 42. gxh3 d2 43. Rd5 d1Q 44. Rxd1 Bxd1 45. b4 Ba4 46. Kg3 g5 47. h4 Kg6 48. hxg5 Kxg5 49. Bb8 a6 50. Bc7 Bc6 51. Bd6 h5 52. Be7+ 1/2-1/2